000 01079nam a22002297a 4500
001 3372
003 FISKH
005 20240229140856.0
008 240229b cb ||||| |||| 00| 0 eng d
040 _aFISK
_beng
_cFISK
_dFISK
050 _aPN3355.M34
082 _a808.3
100 _aMazer Anne and Potter Ellen :
_d1953 and 1963
245 _aSpilling ink /
_cAnne Mazer and Ellen Potter
260 _aNew York :
_bScholastic,
_c2010
300 _a275 pages :
_billustrations,
_c20 cm
501 _aO
520 _aAfter receiving letters from fans asking for writing advice,accomplished authors Anne Mazer and Ellen Potter joined together to create this guidebook for young writers. The authors mix inspirational anecdotes with practical guidance on how to find a voice, develop characters and plot, make revisions, and overcome writer's block. Fun writing prompts will help young writers jump-start their own projects, and encouragement throughout will keep them at work.
521 8 _a830
_bO
700 _aAnne Mazer and Ellen Potter
942 _2ddc
_cBK
_n0
999 _c3372
_d3372